• 首页
  • 本馆介绍
  • 公告通知
  • 最新文献
  • 馆藏检索
  • 电子资源
  • 读者导购
  • 参考咨询
  • 我的图书馆
  • 登录
  • 详细信息显示
  • 放入我的书架
  • 预约/预借图书
  • 作者相关作品
  • 分类相关作品
  • 丛书相关作品
  • 出版社相关作品

书目信息

  • 表格格式
  • 工作单格式
  • 卡片格式
题名:
丰子恺讲西洋建筑
    
 
作者: 丰子恺 著 ;墨明 编
分册:  
出版信息: 长沙   湖南大学出版社  2010
页数: 166页
开本: 23cm
丛书名: 建筑与文化丛书
单 册:
中图分类: TU-881.1
科图分类:
主题词: 建筑艺术--西方国家--文集 , 建筑艺术
电子资源:
ISBN: 978-7-81113-740-8
000 00928nam0 22002771 45
001 1355771014
005 20130515173404.39
010    @a978-7-81113-740-8@dCNY40.00
100    @a20130108d2010 em y0chiy0110 ea
101 0  @achi
102    @aCN@b430000
105    @aa z 000yy
106    @ar
200 1  @a丰子恺讲西洋建筑@AFeng Zi Kai Jiang Xi Yang Jian Zhu@f丰子恺著@FFeng Zi Kai Zhu@g墨明编
210    @a长沙@c湖南大学出版社@d2010
215    @a166页@c图@d23cm
225 2  @a建筑与文化丛书
330    @a本书是一本西洋建筑艺术文集,内容包括:从坟到店、坟的艺术、殿的艺术、寺的艺术、宫的艺术、店的艺术,另附录:西洋美术史、玻璃建筑。
461  0 @12001 @a建筑与文化丛书
606 0  @a建筑艺术@y西方国家@j文集
606 0  @a建筑艺术
690    @aTU-881.1@v5
701  0 @a丰子恺@AFeng Zi Kai@f(1898~1975)@4著
702  0 @a墨明@AMo Ming@4编
801    @aCN@bTANGWEI@c20130112
905    @b0832668-71@dTU-881.1@e107@f4
    
    丰子恺讲西洋建筑/丰子恺著/墨明编.-长沙:湖南大学出版社,2010
    166页:图;23cm.-(建筑与文化丛书)
    
    
    ISBN 978-7-81113-740-8:CNY40.00
    本书是一本西洋建筑艺术文集,内容包括:从坟到店、坟的艺术、殿的艺术、寺的艺术、宫的艺术、店的艺术,另附录:西洋美术史、玻璃建筑。
●
相关链接 在E读中查询图书 在五车中查询图书 在当当中查询图书 在豆瓣中查询图书


正题名:丰子恺讲西洋建筑     索取号:TU-881.1/107         预约/预借

序号 登录号 条形码 馆藏地/架位号 状态 备注
1 0832668   208326685   第二样本阅览室/ [索取号:TU-881.1/107] 在馆    
2 0832669   208326694   第三借阅区/ [索取号:TU-881.1/107] 在馆    
3 0832670   208326701   第三借阅区/ [索取号:TU-881.1/107] 在馆    
4 0832671   208326710   密集书库-资源管理系/ [索取号:TU-881.1/107] 在馆    
唐山师范学院图书馆 欢迎您!
大连网信软件有限公司© 版权所有